Произведения с именами в названии и их авторы - Statistics

General Stats
  • This quiz has been taken 19 times
  • The average score is 15 of 50
Answer Stats
Произведение Автор % Correct
Евгений Онегин Александр Пушкин
100%
Гарри Поттер Джоан Роулинг
93%
Мастер и Маргарита Михаил Булгаков
93%
Лолита Владимир Набоков
93%
Алиса в Стране чудес Льюис Кэрролл
79%
Мартин Иден Джек Лондон
71%
Том Сойер - сыщик Марк Твен
71%
Макбет Уильям Шекспир
71%
Записки о Шерлоке Холмсе Артур Конан Дойл
71%
Джейн Эйр Шарлотта Бронте
64%
Василий Тёркин Александр Твардовский
57%
Айвенго Вальтер Скотт
50%
Пётр I Алексей Толстой
50%
Три стигмата Палмера Элдрича Филип Дик
43%
Дэвид Копперфильд Чарльз Диккенс
43%
Филипок Лев Толстой
36%
Жизнь Клима Самгина Максим Горький
36%
Хижина дяди Тома Гарриет Бичер-Стоу
36%
Тартюф Мольер
36%
Олеся Александр Куприн
29%
Улисс Джеймс Джойс
29%
Царь Эдип Софокл
21%
Долорес Клейборн Стивен Кинг
21%
Лаки Стар Айзек Азимов
21%
Убийство Роджера Экройда Агата Кристи
21%
Назар Стодоля Тарас Шевченко
14%
Харрисон Бержерон Курт Воннегут
14%
Хулио Хуренито Илья Эренбург
14%
Захар Беркут Иван Франко
14%
Звёздные дневники Ийона Тихого Станислав Лем
14%
Давайте все убьём Констанцию Рэй Брэдбери
7%
Жизнь Пи Янн Мартел
7%
Уильям Уилсон Эдгар Аллан По
7%
Усомнившийся Макар Андрей Платонов
7%
Ты здесь, Бог? Это я, Маргарет Джуди Блум
7%
Воришка Мартин Уильям Голдинг
7%
Майра Брейкинридж Гор Видал
7%
Марсианка Подкейн Роберт Хайнлайн
7%
Фрэнни и Зои Джером Сэлинджер
7%
Дядя Ермолай Василий Шукшин
7%
Автоматическая Алиса Джефф Нун
7%
Жизнеописание Павличенки, Матвея Родионыча Исаак Бабель
7%
Показания Рэндольфа Картера Говард Лавкрафт
7%
Певица Жозефина и мышиный народ Франц Кафка
7%
Тридцатая любовь Марины Владимир Сорокин
7%
Приключения Тома Бомбадила Джон Рональд Руэл Толкин
7%
Игра Эндера Орсон Скотт Кард
7%
Иван Владимир Богомолов
7%
Евгений Соколов Серж Генсбур
0%
Наркис Григорий Сковорода
0%
No matching quizzes found
Score Distribution
Percent of People with Each Score
Percentile by Number Answered
Your Score History
You have not taken this quiz